MARC

LEADER 00000nam0a2200000 4500
001 356152
005 20231102010851.0
035 |a (RuTPU)RU\TPU\retro\13412 
090 |a 356152 
100 |a 20200716d1982 m y0rusy50 ca 
101 0 |a rus 
102 |a RU 
105 |a a z 001ay 
200 1 |a Три богатыря  |e былины  |f сост. В. Гришин ; худож. И. Е. Щукин 
210 |a Саратов  |c Приволжское книжное издательство  |d 1982 
215 |a 199 с.  |c ил. 
320 |a Словарь названий и терминов: с. 195-198 
606 1 |a Былины  |2 stltpush  |3 (RuTPU)RU\TPU\subj\30760  |9 53819 
610 1 |a русская литература 
610 1 |a народное творчество 
610 1 |a фольклор 
610 1 |a фольклорные персонажи 
610 1 |a богатыри 
675 |a 811  |v 4 
702 1 |a Гришин  |b В.  |g Владимир  |4 220 
702 1 |a Щукин  |b И. Е.  |4 440 
801 1 |a RU  |b 63413507  |c 20200716 
801 2 |a RU  |b 63413507  |c 20200720  |g RCR 
942 |c BK